Loading...
| Current Events | 2 | 10.00 | 50% | 50% | 0% |
| Fine Arts - Auditory | 2 | 10.00 | 100% | 0% | 0% |
| Fine Arts - Other | 5 | 12.00 | 100% | 20% | 0% |
| Fine Arts - Visual | 6 | 10.00 | 100% | 0% | 0% |
| Geography | 6 | 11.67 | 100% | 17% | 0% |
| History - American | 4 | 10.00 | 75% | 25% | 0% |
| History - Ancient/Other | 3 | 10.00 | 67% | 33% | 0% |
| History - European | 4 | 12.50 | 100% | 25% | 0% |
| History - World | 2 | 10.00 | 100% | 0% | 0% |
| Literature - American | 3 | 13.33 | 100% | 33% | 0% |
| Literature - British | 2 | 10.00 | 100% | 0% | 0% |
| Literature - European | 3 | 10.00 | 100% | 0% | 0% |
| Literature - World | 4 | 12.50 | 100% | 0% | 25% |
| Other Academic | 2 | 15.00 | 100% | 50% | 0% |
| Philosophy | 3 | 13.33 | 67% | 67% | 0% |
| Religion | 3 | 6.67 | 67% | 0% | 0% |
| Science - Biology | 3 | 13.33 | 100% | 33% | 0% |
| Science - Chemistry | 1 | 0.00 | 0% | 0% | 0% |
| Science - Other | 4 | 7.50 | 75% | 0% | 0% |
| Science - Physics | 3 | 6.67 | 67% | 0% | 0% |
| Social Science | 6 | 15.00 | 83% | 67% | 0% |